MARC details
| 000 -LEADER |
| fixed length control field |
02856cam a2200517 a 4500 |
| 001 - CONTROL NUMBER |
| control field |
1983970 |
| 003 - CONTROL NUMBER IDENTIFIER |
| control field |
ARRUPE |
| 005 - DATE AND TIME OF LATEST TRANSACTION |
| control field |
20131008173522.0 |
| 008 - FIXED-LENGTH DATA ELEMENTS--GENERAL INFORMATION |
| fixed length control field |
961009s1997 enk b 001 0 eng |
| 010 ## - LIBRARY OF CONGRESS CONTROL NUMBER |
| LC control number |
96047027 |
| 020 ## - INTERNATIONAL STANDARD BOOK NUMBER |
| International Standard Book Number |
0631194444 (alk. paper) |
| 020 ## - INTERNATIONAL STANDARD BOOK NUMBER |
| International Standard Book Number |
9780631194446 (alk. paper) |
| 020 ## - INTERNATIONAL STANDARD BOOK NUMBER |
| International Standard Book Number |
0631194452 (pbk. : alk. paper) |
| 020 ## - INTERNATIONAL STANDARD BOOK NUMBER |
| International Standard Book Number |
9780631194453 (pbk. : alk. paper) |
| 024 ## - OTHER STANDARD IDENTIFIER |
| Standard number or code |
99952319010 |
| 035 ## - SYSTEM CONTROL NUMBER |
| System control number |
(OCoLC)ocm35784618\ |
| 035 ## - SYSTEM CONTROL NUMBER |
| System control number |
(OCoLC)35784618 |
| Canceled/invalid control number |
(OCoLC)38925316 |
| 035 ## - SYSTEM CONTROL NUMBER |
| System control number |
(NNC)1983970 |
| 035 ## - SYSTEM CONTROL NUMBER |
| System control number |
1983970 |
| 040 ## - CATALOGING SOURCE |
| Original cataloging agency |
DLC |
| Transcribing agency |
DLC |
| Modifying agency |
C#P |
| -- |
UKM |
| -- |
BAKER |
| -- |
NLGGC |
| -- |
BTCTA |
| -- |
LVB |
| -- |
YDXCP |
| -- |
OCLCG |
| -- |
P4I |
| 050 00 - LIBRARY OF CONGRESS CALL NUMBER |
| Classification number |
B3245.F22 |
| Item number |
E52 1997 |
| 300 ## - PHYSICAL DESCRIPTION |
| Dimensions |
23 cm. |
| 100 1# - MAIN ENTRY--PERSONAL NAME |
| Personal name |
Frege, Gottlob, |
| Dates associated with a name |
1848-1925. |
| 9 (RLIN) |
2296 |
| 240 10 - UNIFORM TITLE |
| Uniform title |
<a href="Works.">Works.</a> |
| Form subheading |
Selections. |
| Language of a work |
English. |
| Date of a work |
1997 |
| 245 14 - TITLE STATEMENT |
| Title |
The Frege reader / |
| Statement of responsibility, etc |
edited by Michael Beaney. |
| 260 ## - PUBLICATION, DISTRIBUTION, ETC. (IMPRINT) |
| Place of publication, distribution, etc |
Oxford, UK ; |
| -- |
Cambridge, Mass. : |
| Name of publisher, distributor, etc |
Blackwell Publishers, |
| Date of publication, distribution, etc |
1997. |
| 300 ## - PHYSICAL DESCRIPTION |
| Extent |
xv, 409 p. ; |
| 504 ## - BIBLIOGRAPHY, ETC. NOTE |
| Bibliography, etc |
Includes bibliographical references (p. [396]-397) and index. |
| 505 00 - FORMATTED CONTENTS NOTE |
| Formatted contents note |
Begriffsschrift (1879): Selections (Preface and Part 1) -- LettertoMarty, 29.8.1882' -- The Foundations of Arithmetic(1884): Selections(INtroduction and 1-4,45-69, 87-91, 104-9; with summariesof the remaining sections) -- Function and Concept'(1891) -- Letter to Husserl, 24.5.1891': Extract -- On Sinnand Bedeutung' (1892) (Commentson Sinn and Bedeutung) (1892) --OnConceptand Object (1892) -- Grundgesetze der Arithmetik, Volume I (1893): Selections (Preface,Introduction, 1-7, 26-29, 32-33) -- Review of E. G. Husserl,Philosophie der Arithmetik I'(1894): Extract--On Euclidean Geometry (c.1900) -- Letter to Russell, 22.6.1902': Extract -- Letter to Russell, 28.12.1902': Extract-- Grundgesetze derArithmetik, Volume II (1903): Selections (55-67, 138--47, Appendix)-- Letter to Russell, 13.11.1904': Extract -- Introduction to Logic' (1906): Extract -- A Brief Survey of my Logical Doctrines' (1906): Extract -- Letters to Husserl, 1906' -- Logic in MAthematics' (1914): Extract -- Letter to Jourdain, Jan. 1914': Extract -- My Basic Logical Insights' (c.1915) -- Thought (1918) -- Negation' (1918) |
| 650 #0 - SUBJECT ADDED ENTRY--TOPICAL TERM |
| Topical term or geographic name as entry element |
Logic. |
| 9 (RLIN) |
2297 |
| 650 #0 - SUBJECT ADDED ENTRY--TOPICAL TERM |
| Topical term or geographic name as entry element |
Logic, Symbolic and mathematical. |
| 9 (RLIN) |
2298 |
| 650 #0 - SUBJECT ADDED ENTRY--TOPICAL TERM |
| Topical term or geographic name as entry element |
Language and languages |
| General subdivision |
Philosophy. |
| 9 (RLIN) |
2299 |
| 650 #0 - SUBJECT ADDED ENTRY--TOPICAL TERM |
| Topical term or geographic name as entry element |
Mathematics |
| General subdivision |
Philosophy. |
| 9 (RLIN) |
2300 |
| 650 #0 - SUBJECT ADDED ENTRY--TOPICAL TERM |
| Topical term or geographic name as entry element |
Philosophy. |
| 9 (RLIN) |
2301 |
| 650 17 - SUBJECT ADDED ENTRY--TOPICAL TERM |
| Topical term or geographic name as entry element |
Logica. |
| Source of heading or term |
gtt |
| 9 (RLIN) |
2302 |
| 650 17 - SUBJECT ADDED ENTRY--TOPICAL TERM |
| Topical term or geographic name as entry element |
Taalfilosofie. |
| Source of heading or term |
gtt |
| 9 (RLIN) |
2303 |
| 650 17 - SUBJECT ADDED ENTRY--TOPICAL TERM |
| Topical term or geographic name as entry element |
Symbolische logica. |
| Source of heading or term |
gtt |
| 9 (RLIN) |
2304 |
| 650 #6 - SUBJECT ADDED ENTRY--TOPICAL TERM |
| Topical term or geographic name as entry element |
Logique. |
| 9 (RLIN) |
2305 |
| 650 #6 - SUBJECT ADDED ENTRY--TOPICAL TERM |
| Topical term or geographic name as entry element |
Logique symbolique et mathématique. |
| 9 (RLIN) |
2306 |
| 650 #6 - SUBJECT ADDED ENTRY--TOPICAL TERM |
| Topical term or geographic name as entry element |
Langage et langues |
| General subdivision |
Philosophie. |
| 9 (RLIN) |
2307 |
| 650 #6 - SUBJECT ADDED ENTRY--TOPICAL TERM |
| Topical term or geographic name as entry element |
Mathématiques |
| General subdivision |
Philosophie. |
| 9 (RLIN) |
2308 |
| 650 #6 - SUBJECT ADDED ENTRY--TOPICAL TERM |
| Topical term or geographic name as entry element |
Philosophie. |
| 9 (RLIN) |
2309 |
| 700 1# - ADDED ENTRY--PERSONAL NAME |
| Personal name |
Beaney, Michael. |
| 9 (RLIN) |
2310 |
| 942 ## - ADDED ENTRY ELEMENTS (KOHA) |
| Source of classification or shelving scheme |
Library of Congress Classification |
| Koha item type |
Monograph ( Printed materials) |
| 948 2# - LOCAL PROCESSING INFORMATION (OCLC); SERIES PART DESIGNATOR (RLIN) |
| Series part designator, SPT (RLIN) |
20130312 |
| b (OCLC) |
a |
| c (OCLC) |
as2107 |
| d (OCLC) |
MPS |